|
|
|
|
| LEADER |
01798nmm a2200433 a 4500 |
| 001 |
001080286 |
| 003 |
CZ BrMZK |
| 005 |
20100310114536.0 |
| 006 |
m d |
| 007 |
co cgu |
| 008 |
091217s2009 xr e d cze |
| 020 |
|
|
|a 978-80-7080-693-7
|q (CDR)
|
| 040 |
|
|
|a BOA001
|b cze
|
| 072 |
|
7 |
|a 662
|x Výbušniny. Paliva
|2 Konspekt
|9 19
|
| 080 |
|
|
|a 662.62/.8
|2 MRF
|
| 080 |
|
|
|a 662.76
|2 MRF
|
| 080 |
|
|
|a 620.92/.95
|2 MRF
|
| 080 |
|
|
|a 502.171:502.3
|2 MRF
|
| 080 |
|
|
|a (062.534)
|2 MRF
|
| 080 |
|
|
|a (0.034.44)
|2 MRF
|
| 111 |
2 |
|
|a Paliva a životní prostředí
|d (2008 :
|c Praha, Česko)
|
| 245 |
1 |
0 |
|a Paliva a životní prostředí
|h [elektronický zdroj] :
|b Vysoká škola chemicko-technologická v Praze, 28. a 29. srpna 2008
|
| 256 |
|
|
|a Data (12,0 MB)
|
| 260 |
|
|
|a Praha :
|b Vysoká škola chemicko-technologická,
|c c2008
|
| 300 |
|
|
|a 1 CD-ROM :
|b barev. ;
|c 12 cm
|
| 500 |
|
|
|a Název z tit. obrazovky
|
| 500 |
|
|
|a Nad názvem: Vysoká škola chemicko-technologická v Praze, Fakulta technologie ochrany prostředí, Ústav plynárenství, koksochemie a ochrany ovzduší
|
| 538 |
|
|
|a Požadavky na systém: Adobe Acrobat Reader
|
| 650 |
0 |
7 |
|a paliva
|7 ph115654
|2 czenas
|
| 650 |
0 |
7 |
|a plynárenství
|7 ph124136
|2 czenas
|
| 650 |
0 |
7 |
|a alternativní energetické zdroje
|7 ph115531
|2 czenas
|
| 650 |
0 |
7 |
|a ochrana ovzduší
|7 ph123663
|2 czenas
|
| 655 |
|
7 |
|a sborníky konferencí
|7 fd133333
|2 czenas
|
| 655 |
|
7 |
|a CD-ROM
|7 fd133955
|2 czenas
|
| 710 |
2 |
|
|a Vysoká škola chemicko-technologická v Praze.
|b Ústav plynárenství, koksochemie a ochrany ovzduší
|7 ko2002140355
|
| 910 |
2 |
|
|a BOA001
|b CDR-1233.574
|
| 990 |
|
|
|a CF
|
| 991 |
|
|
|b 201002
|g g
|
| 996 |
3 |
|
|b 2610377914
|c CDR-1233.574
|l Stud. periodik/2.patro
|r Sklad / do 1 hodiny
|n 0
|p p.v.
|w 001102466
|u 000010
|a 1
|e BOA001
|j MZK50
|s N
|